Simple general knowledge - Statistics

General Stats
  • This quiz has been taken 27 times
  • The average score is 22 of 30
Answer Stats
Question Answer % Correct
Igloos are built by animals False
100%
Nelson Mandela died in the 90's False
100%
Islam is an actual place False
100%
Montreal is located in France False
100%
Greenland is an independent country False
100%
Taxidermists specialise in helping large businesses with their taxes False
100%
Peanuts grow in trees False
100%
Buffalo wings are made from water buffalos False
100%
Limes are, in fact, unripe lemons False
100%
Dragons actually existed (in some form) False
100%
Reindeer are a real animal True
100%
The North Pole is a real place True
100%
The Titanic was a real ship True
100%
There are manmade cables under the ocean True
100%
Giant squids are real creatures True
100%
A cheesecake is made of cheese True
100%
Mayonnaise is made of egg True
100%
A pickle is actually a pickled cucumber True
100%
Alcohol can be soaked up by bread False
50%
Ireland is a part of the UK False
50%
Drop bears are one of the most dangerous Australian animals False
50%
Another name for Canada is 'North America' False
50%
The USSR was once under the leadership of Adolf Hitler False
50%
Tampons are a contraceptive False
50%
Buddha was a real person True
50%
Olives grow on trees True
50%
Turtles can breathe underwater False
0%
The Sun is the biggest star in the Milky Way Galaxy False
0%
Blinker/indicator fluid is a necessary component in a car False
0%
Coffee grows as a bean False
0%
No matching quizzes found
Score Distribution
Percent of People with Each Score
Percentile by Number Answered
Your Score History
You have not taken this quiz